000 00582nam a2200217 a 4500
005 20140310183429.0
008 080108s19uu xx 00 eng d
020 _a0750663626
050 _aGT 3405
_b.T85 2006
100 _aTum, Julia
245 _aManagement of event operations. /
260 _aAmsterdam :
_bButterworth Heinemann,
_c2006.
300 _a279 p. :
_bill. ;
_c26 cm.
521 _aBSBA
650 _aSpecial events
_xManagement.
700 _aNorton, Philippa
700 _aWright, J. Nevan
942 _cBK
_2lcc
_kFOR
999 _c22706
_d22706